Cosme / (Registro nro. 13818)

000 -CABECERA
campo de control de longitud fija 02000nam a2200289 a 4500
001 - NÚMERO DE CONTROL
campo de control 1555990
003 - IDENTIFICADOR DEL NÚMERO DE CONTROL
campo de control OSt
005 - FECHA Y HORA DE LA ÚLTIMA TRANSACCIÓN
campo de control 20210917162247.0
008 - DATOS DE LONGITUD FIJA--INFORMACIÓN GENERAL
campo de control de longitud fija 171124s2016 ck gr 000 0 spa d
020 ## - NÚMERO INTERNACIONAL ESTÁNDAR DEL LIBRO
Número Internacional Estándar del Libro 9789587743210
040 ## - FUENTE DE LA CATALOGACIÓN
Centro catalogador/agencia de origen CO-BoBLA
Lengua de catalogación spa
Centro/agencia transcriptor CO-BqBPB
043 ## - CÓDIGO DE ÁREA GEOGRÁFICA
Código de área geográfica s-ck---
082 04 - NÚMERO DE LA CLASIFICACIÓN DECIMAL DEWEY
Número de clasificación JN
Número de documento/Ítem FUEc
100 1# - ENTRADA PRINCIPAL--NOMBRE DE PERSONA
Nombre de persona Fuenmayor, Jos� Felix,
Fechas asociadas al nombre 1885-1966.
240 10 - TÍTULO UNIFORME
Título uniforme Atlántico-Bibliografía Regional
245 10 - MENCIÓN DE TÍTULO
Título Cosme /
Mención de responsabilidad, etc. José Félix Fuenmayor ; prólogo de Orlando Araújo Fontalvo.
260 ## - PUBLICACIÓN, DISTRIBUCIÓN, ETC.
Lugar de publicación, distribución, etc. Bogotá :
Nombre del editor, distribuidor, etc. Panamericana Editorial :
-- Universidad Nacional de Colombia ;
Lugar de publicación, distribución, etc. Medellín :
Nombre del editor, distribuidor, etc. Universidad EAFIT ;
Lugar de publicación, distribución, etc. Barranquilla :
Nombre del editor, distribuidor, etc. Universidad del Norte,
Fecha de publicación, distribución, etc. 2016.
300 ## - DESCRIPCIÓN FÍSICA
Extensión xxxi, 192 p´qginas ;
Dimensiones 21 cm.
490 0# - MENCIÓN DE SERIE
Mención de serie Relecturas
500 ## - NOTA GENERAL
Nota general <br/>COSME<br/>Cosme constituye en Colombia una temprana manifestación de lo que podríamos llamar «una novela proteica». Tiene bastante de novela de formación; pero también de novela urbana, de novela de vanguardia, de novela carnavalizada, de novela transculturadora, de novela «metaparódica», de novela polifónica, de novela metaficcional y no poco de novela distópica. No obstante, más allá de estas etiquetas, vacías para la mayoría de los lectores, los rasgos que más sorprenden son su precocidad, su vocación de apertura y su inequívoca naturaleza satírica, que contrasta con proyectos estéticos tan disímiles e importantes como, por ejemplo, La vorágine (1924), de José Eustasio Rivera, o La marquesa de Yolombó (1927), de Tomás Carrasquilla. De hecho, «en el panorama nacional, Cosme tendría que ser considerada como un hecho anormal. Sin embargo, en la cultura humorística e irreverente de la Costa, su aparición fue un acontecimiento perfectamente lógico».<br/><br/>Tomado del prólogo de Orlando Araújo Fontalvo
504 ## - NOTA DE BIBLIOGRAFÍA, ETC.
Nota de bibliografía, etc. Incluye bibliografías.
650 #4 - PUNTO DE ACCESO ADICIONAL DE MATERIA--TÉRMINO DE MATERIA
Término de materia o nombre geográfico como elemento de entrada Novela colombiana.
650 #4 - PUNTO DE ACCESO ADICIONAL DE MATERIA--TÉRMINO DE MATERIA
Término de materia o nombre geográfico como elemento de entrada Novela urbana.
650 #4 - PUNTO DE ACCESO ADICIONAL DE MATERIA--TÉRMINO DE MATERIA
Término de materia o nombre geográfico como elemento de entrada Vida cotidiana
Subdivisión de forma Novela.
942 ## - ELEMENTOS DE PUNTO DE ACCESO ADICIONAL (KOHA)
Fuente del sistema de clasificación o colocación
Tipo de ítem Koha Libro Literatura
949 ## - PROCESAMIENTO DE INFORMACIÓN LOCAL (OCLC)
a c
b c
Existencias
Estado de retiro Estado de pérdida Fuente del sistema de clasificación o colocación Estado dañado No para préstamo Código de colección Localización permanente Ubicación/localización actual Fecha de adquisición Fuente de adquisición Total de préstamos Signatura topográfica completa Código de barras Fecha visto por última vez Fecha del último préstamo Número de copia Precio válido a partir de Tipo de ítem Koha Nota pública
          Literatura Juvenil Biblioteca Pública San Juan Bosco Biblioteca Pública San Juan Bosco 17/09/2021 COMPRA 2 JN FUEc MOS501666 08/03/2025 25/02/2025 ej 1 17/09/2021 Libro Literatura Quince dias
          Literatura Juvenil Biblioteca Pública San Juan Bosco Biblioteca Pública San Juan Bosco 17/09/2021 COMPRA 1 JN FUEc MOS501667 01/09/2022 17/08/2022 ej 2 17/09/2021 Libro Literatura Quince dias
          Literatura Juvenil Biblioteca Pública San Juan Bosco Biblioteca Pública San Juan Bosco 17/09/2021 COMPRA   JN FUEc MOS501668 17/09/2021   ej 3 17/09/2021 Libro Literatura Quince dias
          Literatura Juvenil Biblioteca Pública San Juan Bosco Biblioteca Pública San Juan Bosco 17/09/2021 COMPRA 1 JN FUEc MOS501669 18/03/2022 14/02/2022 ej 4 17/09/2021 Libro Literatura Quince dias

© Todos los derechos reservados para la Biblioteca Pública Municipal San Juan Bosco, 2020
Secretaria de Cultura de Mosquera
Carrera 3 N° 10 Esquina Centro Cultural Barrio El Carmén Teléfono: 8270830 Ext: 34
Funcionando con KOHA
Contacto: Biblioteca Pública Municipal San Juan Bosco/ bibliotecasanjuanbosco@mosquera-cundinamarca.gov.co
Mosquera, Cundinamarca